Economic growth - a way to happiness?

Hospodársky rast ako nástroj vyššej životnej úrovne. Šťastie a spokojnosť. Klasické verzus moderné ekonomické teórie. "Šťastné národy". Hrubý domáci produkt ako indikátor dobrej existencie.

Enregistré dans:
Détails bibliographiques
Auteur principal: Bláhová, Mária
Format: Chapitre de livre
Langue:anglais
Sujets:
Tags: Ajouter un tag
Pas de tags, Soyez le premier à ajouter un tag!

MARC

LEADER 00000naa$a2200000$$$4500
001 0104263
005 20240502072136.3
041 0 |a eng 
044 |a SK 
245 1 0 |a Economic growth - a way to happiness?  |c Mária Bláhová 
520 |a Hospodársky rast ako nástroj vyššej životnej úrovne. Šťastie a spokojnosť. Klasické verzus moderné ekonomické teórie. "Šťastné národy". Hrubý domáci produkt ako indikátor dobrej existencie. 
610 2 0 |a rast hospodársky 
610 2 0 |a úroveň životná 
610 2 0 |a produkt domáci hrubý 
610 2 0 |a psychológia 
100 1 |a Bláhová, Mária